Statistics for Microstates

Click here to take the quiz!

General Stats

  • This quiz has been taken 857 times
    (851 since last reset)
  • The average score is 20 of 25

Answer Stats

RankSize (km)CountrySize (mi)% Correct
1.44Vatican City.17
96%
561San Marino24
94%
22.02Monaco.78
93%
17468Andorra181
92%
6160Liechtenstein62
86%
321Nauru8
85%
426Tuvalu10
83%
8261St Kitts & Nevis101
83%
16459Palau177
81%
12389St Vincent & the Grenadines150
81%
10316Malta122
80%
18616St Lucia238
80%
21747Tonga288
79%
20714Singapore276
78%
14443Antigua & Barbuda171
76%
13430Barbados166
75%
11344Grenada133
75%
19702Federated States of Micronesia271
72%
24811Kiribati313
72%
15455Seychelles176
71%
7181Marshall Islands70
70%
25964Sāo Tomé & Príncipe372
70%
22751Dominica290
69%
9298Maldives115
68%
23765Bahrain295
65%

Score Distribution

Percentile by Number Answered

Percent of People with Each Score

Your Score History

You have not taken this quiz since the last reset